00765nam a22002177a 4500003000500000005001700005008004100022010001100063011001100074035001100085040000900096100003100105245009500136260004000231500006000271502008500331650002100416650002000437650002600457856006400483CHAP20220329143758.0110810s2011 mx r 00010 spa d a101789 a102761 a113450 cCHAP1 aDomínguez Ríos, Belem.10aPlan de negocios para exportación de frutash[En línea]c/por Belem Domínguez Ríos aChapingo, Méx. :bEl autor,c2011 aPara ver el contenido del material haga clic en la liga aTesis (Ing. Agroindustrial) -- UACH. Departamento de Ingeniería Agroindustrial14aFrutaxMercadeo.14aMangoxEmpaque.14aMangoxExportación. 3Finding aiduhttp://10.13.5.2/tesis/113450.pdfzTeclea aqui